| 000 | 00591nam a2200169Ia 4500 | ||
|---|---|---|---|
| 005 | 20241114113638.0 | ||
| 008 | 240126s9999 xx 000 0 und d | ||
| 020 | _a9789332575974 | ||
| 082 | _a620.076 THO;1 R | ||
| 100 | _aThorpe, Edgar. Thorpe, Showick. | ||
| 245 | 0 | _aGeneral studies paper 1 : for civil services preliminary examination, general knowledge and current affairs Vol. 1 | |
| 260 |
_aSouth Asia _bPearson Education _c2017 |
||
| 300 | _axxxvi, 1.331 | ||
| 440 | _aNULL | ||
| 650 | _astudies,paper,1,civil,preliminary,examination,,knowledge,affairs,Vol.,1 | ||
| 942 | _cPU | ||
| 999 |
_c279255 _d279255 |
||